000 01177nam a2200337 a 4500
001 36871
003 BD-RjUL
005 20211209052543.0
008 140921s1985 gw a b 001 0 eng d
020 _a0895730642 (VCH Publishers)
020 _a3527260390 (VCH Verlagsgesellschaft)
035 _a(OCoLC)59817275
035 _a(OCoLC)ocm59817275
035 _a(CStRLIN)NYCG86-B26310
035 _a(BD-RjUL)
035 _a(NNC)450649
040 _aNjP
_cNjP
_dNNC
_beng
041 _aeng
082 _a572.6
090 _aQP519.9.E434
_bC48 1985
100 1 _aChrambach, Andreas.
_9112512
245 1 4 _aThe practice of quantitative gel electrophoresis /
_cAndreas Chrambach.
250 _a1st ed.
260 _aWeinheim, Federal Republic of Germany :
_bVCH Verlagsgesellschaft ;
_aDeerfield Beach, FL :
_bDistribution, USA and Canada, VCH Publishers,
_c1985.
300 _axvi, 265 p. :
_bill. ;
_c25 cm.
490 1 _aAdvanced methods in the biological sciences
504 _aIncludes bibliographical references and index.
650 0 _aElectrophoresis
_xTechnique.
_9112513
830 0 _aAdvanced methods in the biological sciences.
_9112516
942 _2ddc
_cBK
999 _c36871
_d36871